000 00737nam a2200277Ia 4500
005 20260320195828.0
008 008 262003s9999 xx 000 0 hin d
020 _a9789388933858
037 _aEBOOK
040 _aCRL
040 _bhin
040 _cCRL
041 _2hin
041 _ahin
084 _qCRL
100 _aवागीश शुक्ला
_91133241
245 0 _aचन्द्रकान्ता (सन्तति) का तिलिस्म
250 _a1st
260 _bRajkamal
260 _c2019
300 _a117
856 _uhttps://ebook.indiaread.in/pdfs/Chandrakanta_santati_ka_tilism_by_vagish_shukla.pdf
942 _cEBOOK
999 _c1716725
_d1716725